000 00449ntaaa2200169 4500
003 01
005 20251027201557.0
008 0714s1973 ag 01
040 _aAR-BaBN
_bspa
_cAR-BaBN
_eaacr
_dRIC
082 _a230.0000 H38
100 _aHendrix, Eugene Rusell
_914401
245 _aIf I Had Not Come; things taught bu Chrsit alone.
250 _a1 ed. :
_bMethodist Book Concern,
_cc/916
300 _a209 p.
650 _aTeologĂ­a
942 _cBK
999 _c10366
_d10366